Vývoj základných kovov v júli na Londýnskej burze kovov
Vývoj obchodovania so základnými kovmi - meď, hliník, zinok, cín, nikel, olovo na Londýnskej burze kovov v júli 1997.
Salvato in:
| Autore principale: | |
|---|---|
| Natura: | Capitolo di libro |
| Lingua: | slovacco |
| Soggetti: | |
| Tags: |
Nessun Tag, puoi essere il primo ad aggiungerne!!
|
MARC
| LEADER | 00000naa a2200000 4500 | ||
|---|---|---|---|
| 001 | r027504 | ||
| 005 | 20230824091334.5 | ||
| 041 | 0 | |a slo | |
| 044 | |a SK | ||
| 245 | 1 | 0 | |a Vývoj základných kovov v júli na Londýnskej burze kovov |c A. Zoller |
| 520 | |a Vývoj obchodovania so základnými kovmi - meď, hliník, zinok, cín, nikel, olovo na Londýnskej burze kovov v júli 1997. | ||
| 610 | 2 | 0 | |a Veľká Británia |
| 610 | 2 | 0 | |a júl |
| 610 | 2 | 0 | |a 1997 |
| 610 | 2 | 0 | |a Londýnska burza kovov |
| 610 | 2 | 0 | |a kovy |
| 610 | 2 | 0 | |a meď |
| 610 | 2 | 0 | |a hliník |
| 610 | 2 | 0 | |a zinok |
| 610 | 2 | 0 | |a nikel |
| 610 | 2 | 0 | |a olovo |
| 610 | 2 | 0 | |a obchody burzové |
| 100 | 1 | |a Zoller, Alexander | |